000 02650cam a22005654i 4500
003 PE-LiUPU
005 20250731180149.0
008 150706s r 000 0 d
035 _a(Sirsi) a52087
040 _aPE-LiUPU
_bspa
_cPE-LiUPU
_erda
049 _aPRUA
082 0 4 _a553.52
_bL69
_221
100 1 _aLyrio da Silveira, Leonardo,
_eautor.
245 1 0 _aPolimento de rochas ornamentais :
_bum enfoque tribológico ao processo /
_cLeonardo Luiz Da Silveira.
264 1 _aCuritiba :
_bEditora Pós Escrito,
_c2008.
300 _a203 páginas :
_bilustraciones ;
_c26 cm.
336 _atext
_2rdacontent
337 _aunmediated
_2rdamedia
338 _avolume
_2rdacarrier
504 _aIncluye bibliografía.
505 0 _aPanorama geral do setor -- objetivo -- Revisão bibliográfica -- Brilho -- Propiedade óptica -- A qualidade do brilho de chapas de rocha polida -- Técnicas de medição do brilho em superficies -- Desgaste -- Introdução a tribología -- Tipos de desgaste -- Tipos de abrasivos -- Modelos analíticos do processo agrasivo -- Tecnología de beneficiamiento final -- Caraterizaçã tecnol. de rocha para engeneharia -- Materiais e métodos -- Materiais e metodos -- Materiais rochosos estudados -- Definição do tribossistema -- Resultados e discussões -- Rugosidade das superficies dos materiais estudados -- Medição do brilho dos materiais estudiados -- ensaio de simulação de polimento de rochas SPR -- Tratamento dos dados no equipamento SPR -- Relación de perda de massa de rocha e de abrasivo -- Medição do brilho dos corpos-de-prova ensaiados no equipamento SPR.
526 _aSEG44
526 _aSEG26
526 _aP159
526 _aP155
526 _aP154
526 _aP153
526 _aP150
526 _aP100
526 _aP31
526 _aP30
526 _aP26
526 _aP25
526 _aP24
526 _aP22
526 _aP15
526 _aP10
650 0 4 _aGranitos
_xPulimento.
650 0 4 _aGranitos
_xBrillo.
650 0 4 _aGranitos
_xAspereza.
700 1 _aDíaz, Roger,
_eed.
700 1 _aMorón, Eduardo,
_eed.
910 _agl
_cbd
_d20130514
942 _2ddc
_cBOOK
949 _a553.52 L69
_wDEWEY
_c1
_i66519
_lCCODEBUL1
_mBUL
_p19.00
_r0
_sY
_tLIBRO
_u2015-07-06
_xBIBLIOTECA
_zUNKNOWN
_o.STAFF. Colección General
994 _aC0
_bPEPRU
596 _a1
999 _a553.52 L69
_wDEWEY
_c54680
_i66519
_f2021-11-5
_g7
_lCCODEBUL1
_mBUL
_p19.00
_r0
_sN
_tBOOK
_u2015-7-6
_xBIBLIOTECA
_zUNKNOWN
_0COMPRA
_o.STAFF. Colección General
_d54680
980 _81
_gALBERTO SANCHEZ Responsable de Automatización